| 000 | 01062nam a22002777a 4500 | ||
|---|---|---|---|
| 999 |
_c64033 _d64033 |
||
| 005 | 20240530110711.0 | ||
| 008 | 180121s2016 ua a g b 000 0dara d | ||
| 017 |
_a1696 _bمصر. دار الكتب |
||
| 020 | _a9789773144609 | ||
| 040 |
_aEG-CaGPL _cEG-CaGPL |
||
| 082 | 0 | 4 |
_221 _a400.143\ _bهـ ع |
| 100 | 1 | _aشفارتس ، مونيكا | |
| 245 | 1 | 0 |
_aعلم الدلالة : _bكتاب دراسى / _cمونيكا شفارتس ، جينت شور ؛ ترجمة سعيد حسن بحيرى |
| 250 | _aط.1 | ||
| 260 |
_aالقاهرة : _bمكتبة زهراء الشرق ، _c2016 . |
||
| 300 |
_a328 ص. ؛ _c24 سم. |
||
| 504 | _aببليوجرافية : ص 323 - 328 | ||
| 650 | 0 | 7 |
_2qrmak _aاللغة العربية |
| 650 | 0 | 7 |
_2qrmak _aاللغة العربية _xالفاظ |
| 650 | 0 | 7 |
_2qrmak _aاللغة العربية _xالمعانى |
| 651 | _2qrmak | ||
| 700 | 0 |
_aسعيد حسن بحيرى _eمترجم |
|
| 700 | 0 |
_aجينت شور _eمؤلف مشارك |
|
| 942 |
_2ddc _cBK |
||